Study on develoment planning of leuk daek downtown in kandal province; សិក្សាពីផែនការអភិវឌ្ឍនទីរួមស្រុកលើកដែក ខេត្តកណ្ដាល (Record no. 10951)

000 -LEADER
fixed length control field 00524nam a22001337a 4500
040 ## - CATALOGING SOURCE
Transcribing agency .RUA
082 ## - DEWEY DECIMAL CLASSIFICATION NUMBER
Classification number LMA SAM
100 ## - MAIN ENTRY--AUTHOR NAME
Personal name SAMNG RAKSMEY; សាំង រស្មី
245 ## - TITLE STATEMENT
Title Study on develoment planning of leuk daek downtown in kandal province; សិក្សាពីផែនការអភិវឌ្ឍនទីរួមស្រុកលើកដែក ខេត្តកណ្ដាល
260 ## - PUBLICATION, DISTRIBUTION, ETC. (IMPRINT)
Place of publication PHNOM PENH
Name of publisher SAM
Year of publication 2015
300 ## - PHYSICAL DESCRIPTION
Number of Pages xiv;80p.
Other physical details ill.
Dimensions 29cm.
856 ## - ELECTRONIC LOCATION AND ACCESS
Uniform Resource Identifier SAMNG RAKSMEY
942 ## - ADDED ENTRY ELEMENTS (KOHA)
Koha item type LMA
952 ## - LOCATION AND ITEM INFORMATION (KOHA)
Withdrawn status [LOCAL, KOHA] 0
952 ## - LOCATION AND ITEM INFORMATION (KOHA)
Withdrawn status [LOCAL, KOHA] 0
952 ## - LOCATION AND ITEM INFORMATION (KOHA)
Withdrawn status [LOCAL, KOHA] 0
952 ## - LOCATION AND ITEM INFORMATION (KOHA)
Withdrawn status [LOCAL, KOHA] 0
952 ## - LOCATION AND ITEM INFORMATION (KOHA)
Withdrawn status [LOCAL, KOHA] 0
952 ## - LOCATION AND ITEM INFORMATION (KOHA)
Withdrawn status [LOCAL, KOHA] 0
952 ## - LOCATION AND ITEM INFORMATION (KOHA)
Withdrawn status [LOCAL, KOHA] 0
952 ## - LOCATION AND ITEM INFORMATION (KOHA)
Withdrawn status [LOCAL, KOHA] 0
Holdings
Koha item type Barcode Lost status Permanent Location Current Location Date acquired Full call number
LMAA05477 Library Block BLibrary Block B2016-11-25LMA SAM 2015 B540 Or.1
LMAA05124 Library Block BLibrary Block B2016-11-25LMA SAM 2015 B540 Or.2
LMAA04969 Library Block BLibrary Block B2016-11-25LMA SAM 2015 B540 Or.3
LMAA05411 Library Block BLibrary Block B2016-11-25LMA SAM 2015 B540 Or.4
LMAA05633 Library Block BLibrary Block B2016-11-25LMA SAM 2015 B540 Or.5
LMAA05121 Library Block BLibrary Block B2016-11-25LMA SAM 2015 B540 Or.6
LMAA05403 Library Block BLibrary Block B2016-11-25LMA SAM 2015 B540 Or.7
LMAA05404 Library Block BLibrary Block B2016-11-25LMA SAM 2015 B540 Or.8
មជ្ឈមណ្ឌលឯការនៃសាកលវិទ្យាល័យភូមិន្ទកសិកម្មចំការដូង

Powered by Koha